Medzinárodný veľtrh obrannej techniky IDEB 2016

Bibliographic Details
Format: Article
Language:Slovak
PhysicalDescription:Fotogr.
ISSN:1336-1910
Subjects:
Online Access:https://www.mosr.sk/data/disk/casopis/Obrana_06_2016.pdf

MARC

LEADER 00000nab a2200000 a 4500
001 vtls011561894
003 SK-MaSNL
005 20260426063450.0
008 160621c2016 xo m p 000 0 slo
015 |a SNBRB2016/06  |2 lmaosk 
040 |a LMAOSK  |b slo  |c LMAOSK  |e AACR2 
041 0 |a slo 
044 |a xo  |c SK 
080 |a 623  |2 2011 
245 0 0 |a Medzinárodný veľtrh obrannej techniky IDEB 2016  |c foto Ivan Kelement 
300 |b Fotogr. 
611 2 7 |a International Defence Exhibition Bratislava  |d (2016 :  |c Bratislava, Slovensko)  |2 lmaosk  |9 1266159 
650 0 7 |a vojenská technika  |2 lmaosk  |9 29297 
650 0 7 |a výstavy  |2 lmaosk  |9 2780 
651 7 |a Bratislava (Slovensko)  |2 lmaosk  |9 14568 
655 7 |a články z novín a časopisov  |2 lmaosk  |9 267496 
773 0 |t Obrana  |g Roč. XXIV, č. 6 (2016), s. 8-9  |x 1336-1910 
852 |a LMAOSK  |b KIS3GCP 
856 4 1 |u https://www.mosr.sk/data/disk/casopis/Obrana_06_2016.pdf 
958 |a NB 
999 |c 2556356  |d 2558286